| 000 | 00483pab a2200169 454500 | ||
|---|---|---|---|
| 008 | 180718b2002 xxu||||| |||| 00| 0 eng d | ||
| 100 | _aRao, K. Hanumantha | ||
| 245 | _aStructure of employment and casualisation in rural India during pre and post-reforms regime | ||
| 260 | _c2002 | ||
| 300 | _ap.227-42. | ||
| 362 | _aJan-Mar | ||
| 650 | _aEmployment - India | ||
| 650 | _aEmployment | ||
| 700 | _aRajyalakshmi, K. | ||
| 773 | _aJournal of Rural Development | ||
| 909 | _a52196 | ||
| 999 |
_c52196 _d52196 |
||